000 00535nmm a2200169Ia 4500
008 251105s9999||||xx |||||||||||||||||und||
020 _a9781558853034
041 _aspa
_aeng
100 _aPalés Matos, Luis
245 0 _aSelected Poems = Poesía selecta
264 _a[Washington, Estados Unidos] :
_bArte Público Press,
_c2000
300 _a168 páginas
490 _aRecovering the U.S. Hispanic Literary Heritage
650 _aLatin American poetry
856 _uhttps://public.digitaliapublishing.com/a/23264
942 _cCF
999 _c74711
_d74711